000 02618cam a22004097i 4500
001 18239594
003 Nust- CAS-E
005 20180118181409.0
008 140723t20152015gaua b 001 0 eng d
010 _a 2014946700
015 _aGBB4B6852
_2bnb
016 7 _a016898643
_2Uk
020 _a9780881737325
020 _a0881737321
020 _a9781498706117
020 _a1498706118
035 _a(OCoLC)ocn883649530
040 _aYDXCP
_beng
_cYDXCP
_erda
_dBTCTA
_dCIN
_dUKMGB
_dBDX
_dTXA
_dOCLCQ
_dDLC
042 _alccopycat
050 0 0 _aTH6012
_b.A98 2015
082 0 4 _a696
_223
_bAUT 2015
245 0 0 _aAutomated diagnostics and analytics for buildings /
_ceditors, Barney L. Capehart and Michael R. Brambley.
300 _axxiii, 615 pages :
_billustrations ;
_c29 cm
500 _a"With the widespread availability of high-speed, high-capacity microprocessors and microcomputers with high-speed communication ability, and sophisticated energy analytics software, the technology to support deployment of automated diagnostics is now available, and the opportunity to apply automated fault detection and diagnostics to every system and piece of equipment in a facility, as well as for whole buildings, is imminent. The purpose of this book is to share information with a broad audience on the state of automated fault detection and diagnostics for buildings applications, the benefits of those applications, emerging diagnostic technology, examples of field deployments, the relationship to codes and standards, automated diagnostic tools presently available, guidance on how to use automated diagnostics, and related issues"--Page 4 of cover.
502 _a0
504 _aIncludes bibliographical references and index.
520 _aProvides information to a broad audience on the state of automated fault detection and diagnostics for buildings applications, the benefits of those applications. Covers topics such as emerging diagnostic technology, examples of field deployments, the relationship to codes and standards, automated diagnostic tools presently available, guidance on how to use automated diagnostics, and related issues.
650 0 _aIntelligent buildings.
650 0 _aBuildings
_xMechanical equipment
_xAutomatic control.
650 0 _aStructural analysis (Engineering)
650 0 _aElectronic apparatus and appliances.
700 1 _aCapehart, B. L.
_q(Barney L.),
_eeditor.
700 1 _aBrambley, Michael R.,
_eeditor.
906 _a7
_bcbc
_ccopycat
_d2
_encip
_f20
_gy-gencatlg
942 _2ddc
_cBK
999 _c355670
_d355670